[Event "VIII Festival Magistrale"]
[Site "Celle Ligure ITA"]
[Date "1992.04.??"]
[Round "1"]
[White "Jenal, Juerg"]
[Black "Molinari, Mario"]
[WhiteElo "2235"]
[BlackElo "2038"]
[Result "0-1"]
[PlyCount "100"]
[EventDate "1992.04.11"]

1. e4 c5 2. Nf3 d6 3. d4 cxd4 4. Nxd4 Nf6 5. Nc3 g6 6. h3 Bg7 7. Bc4 O-O 8. O-O
Nc6 9. Be3 Bd7 10. Bb3 a6 11. f4 b5 12. a3 Na5 13. e5 Nh5 14. Bd5 Nc4 15. Qe1
Nxe3 16. Qxe3 Nxf4 17. Bxa8 Qxa8 18. Qxf4 dxe5 19. Qf3 exd4 20. Qxa8 Rxa8 21.
Nd5 e5 22. Nb6 Rd8 23. Nxd7 Rxd7 24. Rad1 Bh6 25. Rf6 a5 26. Ra6 a4 27. Rb6 Rd5
28. Kf1 Bf4 29. Ke2 Rc5 30. Kd3 f5 31. g4 Be3 32. gxf5 gxf5 33. c3 Rd5 34. Rb8+
Kg7 35. cxd4 Bxd4 36. Ke2 Rc5 37. Rd2 Kg6 38. Rb7 h6 39. Kf3 e4+ 40. Ke2 Rd5
41. Re7 Kf6 42. Rh7 Kg5 43. Rc7 f4 44. Rg7+ Kf6 45. Rh7 f3+ 46. Kf1 e3 47. Rd3
e2+ 48. Ke1 Bc3+ 49. bxc3 Rxd3 50. Rxh6+ Kg5 0-1

[Event "VIII Festival Magistrale"]
[Site "Celle Ligure ITA"]
[Date "1992.04.??"]
[Round "7"]
[White "Sbarra, Marco"]
[Black "Quinto, Gianni"]
[WhiteElo "1981"]
[BlackElo "2103"]
[Result "1-0"]
[PlyCount "61"]
[EventDate "1992.04.11"]

1. d4 Nf6 2. Nf3 g6 3. c4 Bg7 4. Nc3 d6 5. e4 O-O 6. Be2 Nbd7 7. Bg5 c5 8. d5
h6 9. Bh4 b5 10. cxb5 a6 11. Nd2 axb5 12. Bxb5 Ne5 13. O-O Ba6 14. Bxa6 Rxa6
15. f4 Ned7 16. Qe2 Qa8 17. e5 Nh7 18. Nc4 g5 19. fxg5 hxg5 20. Bg3 dxe5 21.
Nxe5 Nxe5 22. Bxe5 f6 23. Bg3 f5 24. Be5 Bh6 25. Qd3 Qc8 26. Qc4 Rg6 27. d6+ e6
28. Rad1 Nf6 29. Bxf6 Rgxf6 30. d7 Qc7 31. Nd5 1-0

[Event "VIII Festival Magistrale"]
[Site "Celle Ligure ITA"]
[Date "1992.04.??"]
[Round "8"]
[White "Jenal, Juerg"]
[Black "Astengo, Corrado"]
[WhiteElo "2235"]
[BlackElo "2086"]
[Result "0-1"]
[PlyCount "58"]
[EventDate "1992.04.11"]

1. e4 c5 2. Nf3 d6 3. Nc3 Nf6 4. d4 cxd4 5. Nxd4 a6 6. Be3 e5 7. Nb3 Be6 8. f3
Be7 9. Qd2 Nbd7 10. O-O-O O-O 11. Qf2 b5 12. g4 Bxg4 13. h4 Be6 14. Bd3 Kh8 15.
h5 Qc7 16. Rdg1 b4 17. Qg3 Rg8 18. Nd5 Nxd5 19. exd5 Bxd5 20. Bg6 Nf8 21. Rh2
a5 22. Nd2 a4 23. Be4 Rc8 24. Rd1 Be6 25. Rg2 f5 26. Bd3 f4 27. Bxf4 exf4 28.
Qxf4 d5 29. Qe3 Bc5 0-1